<?xml version="1.0" encoding="UTF-8"?>
<record
    xmlns:xsi="http://www.w3.org/2001/XMLSchema-instance"
    xsi:schemaLocation="http://www.loc.gov/MARC21/slim http://www.loc.gov/standards/marcxml/schema/MARC21slim.xsd"
    xmlns="http://www.loc.gov/MARC21/slim">

  <leader>01416nam a2200229 a 4500</leader>
  <controlfield tag="001">ASIN0500274126</controlfield>
  <controlfield tag="003">OSt</controlfield>
  <controlfield tag="005">20180116192419.0</controlfield>
  <controlfield tag="008">131127s1992    xxu                 eng d</controlfield>
  <datafield tag="020" ind1=" " ind2=" ">
    <subfield code="a">0500274126 (paperback)</subfield>
    <subfield code="c">$24.95</subfield>
  </datafield>
  <datafield tag="020" ind1=" " ind2=" ">
    <subfield code="a">9780500274125 (paperback)</subfield>
  </datafield>
  <datafield tag="040" ind1=" " ind2=" ">
    <subfield code="c"> d</subfield>
  </datafield>
  <datafield tag="082" ind1=" " ind2=" ">
    <subfield code="a">745.2</subfield>
    <subfield code="b">FOR 2005</subfield>
  </datafield>
  <datafield tag="100" ind1="1" ind2=" ">
    <subfield code="a">Forty, Adrian.</subfield>
    <subfield code="9">7155</subfield>
  </datafield>
  <datafield tag="245" ind1="1" ind2="0">
    <subfield code="a">Objects of desire :</subfield>
    <subfield code="b">design and society since 1750 /</subfield>
    <subfield code="c">Adrian Forty.</subfield>
  </datafield>
  <datafield tag="250" ind1=" " ind2=" ">
    <subfield code="a">Reprint ed.</subfield>
  </datafield>
  <datafield tag="260" ind1=" " ind2=" ">
    <subfield code="a">[S.l.] :</subfield>
    <subfield code="b">Thames &amp; Hudson,</subfield>
    <subfield code="c">1992.</subfield>
  </datafield>
  <datafield tag="300" ind1=" " ind2=" ">
    <subfield code="a">246 p. ;</subfield>
    <subfield code="c">25 cm.</subfield>
  </datafield>
  <datafield tag="520" ind1=" " ind2=" ">
    <subfield code="a">"One of the most significant contributions to design history in recent years."&#x2014; Financial Times Objects of Desire looks at the appearance of consumer goods in the 200 years since the introduction of mechanized production, whether in Josiah Wedgewood's use of neo-classicism for his industrially manufactured pottery or the development of appropriate forms for wirelesses. The argument is illustrated with examples ranging from penknives to computers and from sewing machines to railway carriages. In opening up new ways of appraising the man-made world around us, Objects of Desire is required reading for anyone who has any involvement with design and a revealing document about our society. 272 black-and-white illustrations.</subfield>
  </datafield>
  <datafield tag="856" ind1="4" ind2="0">
    <subfield code="3">Amazon.com</subfield>
    <subfield code="u">http://www.amazon.com/exec/obidos/ASIN/0500274126/chopaconline-20</subfield>
  </datafield>
  <datafield tag="942" ind1=" " ind2=" ">
    <subfield code="2">ddc</subfield>
    <subfield code="c">BK</subfield>
  </datafield>
  <datafield tag="999" ind1=" " ind2=" ">
    <subfield code="c">353851</subfield>
    <subfield code="d">353851</subfield>
  </datafield>
  <datafield tag="952" ind1=" " ind2=" ">
    <subfield code="0">0</subfield>
    <subfield code="1">0</subfield>
    <subfield code="2">ddc</subfield>
    <subfield code="4">0</subfield>
    <subfield code="7">0</subfield>
    <subfield code="a">SADA</subfield>
    <subfield code="b">SADA</subfield>
    <subfield code="d">2013-11-27</subfield>
    <subfield code="l">5</subfield>
    <subfield code="m">3</subfield>
    <subfield code="o">745.2 FOR 2005</subfield>
    <subfield code="p">SADA0002171</subfield>
    <subfield code="r">2016-05-10</subfield>
    <subfield code="s">2016-04-26</subfield>
    <subfield code="v">2689.46</subfield>
    <subfield code="w">2013-11-27</subfield>
    <subfield code="y">BK</subfield>
  </datafield>
</record>
